| 000 | 00407nam a2200145 a 4500 | ||
|---|---|---|---|
| 005 | 20140414131929.0 | ||
| 008 | 101108s19uu xx 00 eng d | ||
| 050 |
_aM 808.882 _bK79 2008 |
||
| 100 | _aKowitt, Holly | ||
| 245 |
_aToo funny! : _b234 laugh-out-loud jokes. |
||
| 260 |
_aNew York : _bScholastic, _cc2008. |
||
| 650 | _aWit and humor, Juvenile. | ||
| 650 | _aRiddles, Juvenile. | ||
| 999 |
_c112177 _d112177 |
||